[Event "IECG CP.2009.P.00015 email"]
[Site "IECG email"]
[Date "2009.10.01"]
[Round "?"]
[White "Tessieri, Franco"]
[Black "Blittkowsky, Ralf"]
[Result "0-1"]
[WhiteElo "1663"]
[BlackElo "1907"]
[PlyCount "30"]
[EventDate "2009.10.01"]
[EventType "tourn (corr)"]
[EventRounds "6"]
[EventCountry "ARG"]
[SourceTitle "Corr 2024"]
[Source "ChessBase"]
[SourceDate "2023.10.19"]
[SourceVersion "1"]
[SourceVersionDate "2023.10.19"]
[SourceQuality "1"]

1. Nf3 d5 2. d4 e6 3. g3 Nf6 4. Bg2 Be7 5. 0-0 0-0 6. Nbd2 c6 7. c4 Nbd7 8. Qc2 b6 9. e4 Bb7 10. e5 Ne8 11. b3 Rc8 12. Bb2 c5 13. Rfe1 dxc4 14. bxc4 cxd4 15. Bxd4 g6 0-1

[Event "IECG CP.2009.P.00015 email"]
[Site "IECG email"]
[Date "2009.10.01"]
[Round "?"]
[White "Tessieri, Franco"]
[Black "Korchut, Adam"]
[Result "1/2-1/2"]
[WhiteElo "1663"]
[BlackElo "2087"]
[PlyCount "62"]
[EventDate "2009.10.01"]
[EventType "tourn (corr)"]
[EventRounds "6"]
[EventCountry "ARG"]
[SourceTitle "Corr 2024"]
[Source "ChessBase"]
[SourceDate "2023.10.19"]
[SourceVersion "1"]
[SourceVersionDate "2023.10.19"]
[SourceQuality "1"]

1. d4 d5 2. c4 dxc4 3. Nf3 Nf6 4. e3 e6 5. Bxc4 c5 6. 0-0 a6 7. a4 Nc6 8. Qe2 Qd7 9. Nc3 Qc7 10. b3 Be7 11. dxc5 Bxc5 12. Bb2 0-0 13. Nd2 Be7 14. Rac1 Ne5 15. Nce4 Nxe4 16. Nxe4 Qb8 17. Rfd1 Nxc4 18. Qxc4 b5 19. Qd4 f6 20. a5 e5 21. Qd5+ Rf7 22. Nc5 Bxc5 23. Rxc5 Bb7 24. Qe6 Qe8 25. Qxe8+ Rxe8 26. Ba3 h6 27. Rc3 Kh7 28. Bc5 Kg6 29. Rcd3 h5 30. h3 Rc7 31. b4 Rec8 1/2-1/2

[Event "IECG CP.2008.P.00020 email"]
[Site "IECG email"]
[Date "2008.10.01"]
[Round "?"]
[White "Isaacson, David"]
[Black "Tessieri, Franco"]
[Result "1-0"]
[WhiteElo "2137"]
[BlackElo "1649"]
[PlyCount "93"]
[EventDate "2008.10.01"]
[EventType "tourn (corr)"]
[EventRounds "6"]
[EventCountry "ARG"]
[SourceTitle "Corr 2024"]
[Source "ChessBase"]
[SourceDate "2023.10.19"]
[SourceVersion "1"]
[SourceVersionDate "2023.10.19"]
[SourceQuality "1"]

1. e4 e6 2. d4 d5 3. Nc3 Bb4 4. e5 c5 5. a3 Bxc3+ 6. bxc3 Ne7 7. Qg4 0-0 8. Bd3 Nbc6 9. Qh5 Ng6 10. Nf3 Qc7 11. Be3 Nce7 12. h4 Bd7 13. Qg4 f5 14. Qh3 f4 15. Bd2 Nf5 16. h5 Nge7 17. h6 Nxh6 18. g4 fxg3 19. Bxh6 Rxf3 20. 0-0-0 Rxd3 21. Bxg7 Rxd1+ 22. Kxd1 Ba4 23. Qxh7+ Kf7 24. Bf6+ Ke8 25. Qg7 cxd4 26. Rh8+ Kd7 27. Qxe7+ Kc6 28. Qxc7+ Kxc7 29. Rxa8 gxf2 30. Ke2 dxc3 31. Kxf2 Bxc2 32. Bd8+ Kc6 33. Rc8+ Kd7 34. Rxc3 Ba4 35. Ba5 b6 36. Bb4 Bb5 37. Bd6 Bc4 38. Rg3 Kc6 39. Ke3 Bf1 40. a4 a5 41. Kd4 b5 42. Rc3+ Bc4 43. axb5+ Kxb5 44. Rxc4 dxc4 45. Kc3 Ka4 46. Be7 Kb5 47. Bd8 1-0

[Event "IECG QD.2007.0.00101"]
[Site "IECG email"]
[Date "2007.08.13"]
[Round "?"]
[White "Casser, Aaron"]
[Black "Tessieri, Franco"]
[Result "0-1"]
[WhiteElo "1557"]
[BlackElo "1594"]
[PlyCount "66"]
[EventDate "2007.08.13"]
[EventType "tourn (corr)"]
[EventRounds "6"]
[SourceTitle "Corr 2024"]
[Source "ChessBase"]
[SourceDate "2023.10.19"]
[SourceVersion "1"]
[SourceVersionDate "2023.10.19"]
[SourceQuality "1"]

1. e4 e6 2. d4 d5 3. exd5 exd5 4. c4 Nf6 5. Nc3 c6 6. Nf3 Be7 7. cxd5 cxd5 8. Bb5+ Nc6 9. Ne5 Bd7 10. Qa4 Rc8 11. Bxc6 Bxc6 12. Qxa7 0-0 13. Nxc6 bxc6 14. Qa4 Re8 15. 0-0 Bd6 16. h3 Bb8 17. Qc2 Qd6 18. g3 c5 19. dxc5 Rxc5 20. Rd1 d4 21. Qa4 Rf5 22. Bf4 Rxf4 23. Rac1 g6 24. Nb5 Qe5 25. Qc2 Ne4 26. Re1 Qg5 27. Nxd4 Nxf2 28. Rxe8+ Kg7 29. Qc3 Nxh3+ 30. Kh1 Kh6 31. Re3 Rh4 32. Qd2 Rh5 33. Nf5+ Qxf5 0-1

[Event "IECG QD.2007.0.00101"]
[Site "IECG email"]
[Date "2007.08.13"]
[Round "?"]
[White "Tessieri, Franco"]
[Black "Casser, Aaron"]
[Result "1-0"]
[WhiteElo "1594"]
[BlackElo "1557"]
[PlyCount "103"]
[EventDate "2007.08.13"]
[EventType "tourn (corr)"]
[EventRounds "6"]
[SourceTitle "Corr 2024"]
[Source "ChessBase"]
[SourceDate "2023.10.19"]
[SourceVersion "1"]
[SourceVersionDate "2023.10.19"]
[SourceQuality "1"]

1. Nf3 Nf6 2. d4 g6 3. c4 Bg7 4. g3 c6 5. Bg2 d5 6. 0-0 0-0 7. cxd5 cxd5 8. Nc3 Nc6 9. Ne5 Bf5 10. Nxc6 bxc6 11. Na4 Re8 12. Bf4 Nh5 13. Be3 e5 14. Rc1 Qd6 15. dxe5 Bxe5 16. Re1 Ng7 17. Bd4 Be4 18. f3 Bf5 19. e3 Bxd4 20. Qxd4 Bd7 21. Nc5 Nf5 22. Qd2 Be6 23. e4 dxe4 24. Qxd6 Nxd6 25. fxe4 Rab8 26. b3 Nb5 27. e5 Nd4 28. Kf2 Rb5 29. Red1 Rd8 30. Rd2 Kf8 31. g4 Ke7 32. Ke3 Rb4 33. a3 Nxb3 34. Rxd8 Nxc1 35. Ra8 Rb6 36. a4 a5 37. Rxa5 Rb2 38. Bxc6 Re2+ 39. Kd4 Bxg4 40. Ra8 Rd2+ 41. Ke3 Rd8 42. a5 Rxa8 43. Bxa8 Kd8 44. Bd5 Kc7 45. Bxf7 Bh3 46. e6 Kd6 47. a6 Nb3 48. Nxb3 Bg2 49. Nd4 Ba8 50. Be8 h5 51. Bxg6 h4 52. Be4 1-0

[Event "IECG TE.2006.P.02216 email"]
[Site "IECG email"]
[Date "2006.06.19"]
[Round "1"]
[White "Ballard, Clint"]
[Black "Tessieri, Franco"]
[Result "0-1"]
[WhiteElo "2017"]
[BlackElo "1597"]
[PlyCount "40"]
[EventDate "2006.06.19"]
[EventType "tourn (corr)"]
[EventRounds "12"]
[SourceTitle "Corr 2024"]
[Source "ChessBase"]
[SourceDate "2023.10.19"]
[SourceVersion "1"]
[SourceVersionDate "2023.10.19"]
[SourceQuality "1"]

1. d4 f5 2. e4 fxe4 3. Nc3 Nf6 4. Bg5 Nc6 5. Bc4 d5 6. Bxf6 dxc4 7. Be5 Bf5 8. Nge2 e6 9. Nf4 Nxe5 10. dxe5 Bb4 11. Qe2 Qd4 12. 0-0 Qxe5 13. Qe3 Bc5 14. Qg3 e3 15. fxe3 Bxe3+ 16. Kh1 0-0 17. Rae1 Bxf4 18. Rxf4 Qc5 19. Ne4 Qb4 20. b3 Qa5 0-1

[Event "IECG TE.2006.P.02216 email"]
[Site "IECG email"]
[Date "2006.06.19"]
[Round "1"]
[White "Secrieru, Ioan"]
[Black "Tessieri, Franco"]
[Result "1-0"]
[WhiteElo "1798"]
[BlackElo "1597"]
[PlyCount "89"]
[EventDate "2006.06.19"]
[EventType "tourn (corr)"]
[EventRounds "12"]
[SourceTitle "Corr 2024"]
[Source "ChessBase"]
[SourceDate "2023.10.19"]
[SourceVersion "1"]
[SourceVersionDate "2023.10.19"]
[SourceQuality "1"]

1. d4 f5 2. e4 fxe4 3. Nc3 d5 4. Qh5+ g6 5. Qxd5 Nf6 6. Qb3 Bg7 7. Be3 e6 8. 0-0-0 0-0 9. Bc4 Qd6 10. d5 Qe7 11. Nh3 Nbd7 12. Ng5 Ne5 13. Nxe6 Bxe6 14. dxe6 c6 15. Bg5 Nxc4 16. Qxc4 Rae8 17. Nxe4 Qxe6 18. Qxe6+ Rxe6 19. Nxf6+ Bxf6 20. Be3 b6 21. Rd7 Re5 22. Rxa7 Bg5 23. Rd1 Rxf2 24. Bxg5 Rxg5 25. Rd8+ Rf8 26. Rxf8+ Kxf8 27. g3 Rh5 28. Ra6 Rxh2 29. Rxb6 Rh1+ 30. Kd2 Rh2+ 31. Kc3 Rg2 32. Rxc6 Rxg3+ 33. Kb4 g5 34. a4 Rg1 35. a5 Ra1 36. Kb5 g4 37. Rc3 h5 38. a6 Ke7 39. Kb6 h4 40. Rc4 h3 41. Rxg4 h2 42. Rh4 Ra2 43. b4 Rxc2 44. a7 Ra2 45. Kb7 1-0

[Event "IECG TE.2006.P.02216 email"]
[Site "IECG email"]
[Date "2006.06.19"]
[Round "1"]
[White "Tessieri, Franco"]
[Black "Secrieru, Ioan"]
[Result "1-0"]
[WhiteElo "1597"]
[BlackElo "1798"]
[PlyCount "105"]
[EventDate "2006.06.19"]
[EventType "tourn (corr)"]
[EventRounds "12"]
[SourceTitle "Corr 2024"]
[Source "ChessBase"]
[SourceDate "2023.10.19"]
[SourceVersion "1"]
[SourceVersionDate "2023.10.19"]
[SourceQuality "1"]

1. d4 f5 2. e4 fxe4 3. f3 d5 4. Nc3 Nf6 5. fxe4 dxe4 6. Bg5 Bf5 7. Bc4 h6 8. Bf4 Nc6 9. Nge2 e6 10. 0-0 a6 11. a3 Qd7 12. Be3 0-0-0 13. Qd2 Bd6 14. b4 g5 15. b5 axb5 16. Bxb5 Rhf8 17. Rab1 Bg6 18. Bxc6 Qxc6 19. Nb5 Qa6 20. Nxd6+ Qxd6 21. h3 Qa6 22. a4 Nd5 23. Rxf8 Rxf8 24. Nc3 Rf6 25. Rb5 c6 26. Nxd5 exd5 27. Ra5 Qb6 28. Ra8+ Kd7 29. Qe1 Bf7 30. a5 Qb5 31. Rf8 b6 32. axb6 Qxb6 33. Ra8 Qb7 34. Rh8 Qb5 35. Bf2 Qb6 36. Qa1 Qb7 37. Bg3 Re6 38. Rb8 Qxb8 39. Bxb8 Bh5 40. Qa7+ Ke8 41. Be5 e3 42. Qb8+ Ke7 43. Qc7+ Ke8 44. Kf1 Bd1 45. Bd6 h5 46. Qxc6+ Kf7 47. Qd7+ Kf6 48. Bc7 e2+ 49. Ke1 Re3 50. Bd8+ Kg6 51. Qc6+ Kf7 52. Qxd5+ Kf8 53. Bxg5 1-0

[Event "IECG TE.2006.P.02216 email"]
[Site "IECG email"]
[Date "2006.06.19"]
[Round "1"]
[White "Tessieri, Franco"]
[Black "Williams, Derek"]
[Result "1-0"]
[WhiteElo "1597"]
[BlackElo "1158"]
[PlyCount "41"]
[EventDate "2006.06.19"]
[EventType "tourn (corr)"]
[EventRounds "12"]
[SourceTitle "Corr 2024"]
[Source "ChessBase"]
[SourceDate "2023.10.19"]
[SourceVersion "1"]
[SourceVersionDate "2023.10.19"]
[SourceQuality "1"]

1. d4 f5 2. e4 fxe4 3. Nc3 Nf6 4. Bg5 d5 5. f3 Nc6 6. fxe4 Nxe4 7. Nxe4 dxe4 8. d5 Nb4 9. Bc4 c6 10. dxc6 Qa5 11. c3 Qxg5 12. cxb7 Bxb7 13. cxb4 Bc6 14. Be6 Qxg2 15. Qb3 Rd8 16. Bf7+ Kd7 17. b5 Kc7 18. Qc3 Qxh1 19. Qa5+ Kc8 20. Be6+ Bd7 21. Rc1+ 1-0

[Event "IECG WC.2005.F.00009 email"]
[Site "IECG email"]
[Date "2006.06.05"]
[Round "?"]
[White "Tessieri, Franco"]
[Black "Mori, Roberto"]
[Result "1-0"]
[WhiteElo "1597"]
[BlackElo "1250"]
[PlyCount "21"]
[EventDate "2006.06.05"]
[EventType "tourn (corr)"]
[EventRounds "14"]
[SourceTitle "Corr 2024"]
[Source "ChessBase"]
[SourceDate "2023.10.19"]
[SourceVersion "1"]
[SourceVersionDate "2023.10.19"]
[SourceQuality "1"]

1. e4 e5 2. Nf3 Nc6 3. Bb5 a6 4. Ba4 b5 5. Bb3 Nf6 6. Ng5 d5 7. exd5 Nd4 8. Nc3 Nxb3 9. axb3 h6 10. Nge4 Nxe4 11. Nxe4 1-0

[Event "IECG TE.2006.P.02112 email"]
[Site "IECG email"]
[Date "2006.03.17"]
[Round "?"]
[White "Jara, Julio Cesar"]
[Black "Tessieri, Franco"]
[Result "0-1"]
[WhiteElo "800"]
[BlackElo "1597"]
[PlyCount "58"]
[EventDate "2006.03.17"]
[EventType "tourn (corr)"]
[EventRounds "12"]
[SourceTitle "Corr 2024"]
[Source "ChessBase"]
[SourceDate "2023.10.19"]
[SourceVersion "1"]
[SourceVersionDate "2023.10.19"]
[SourceQuality "1"]

1. e4 c5 2. f4 Nc6 3. Nc3 g6 4. Bb5 a6 5. Bxc6 dxc6 6. Nf3 Bg7 7. 0-0 Nf6 8. d3 0-0 9. Be3 b6 10. Ne5 Qc7 11. a4 Nh5 12. a5 b5 13. Bxc5 Nxf4 14. Nf3 Bg4 15. d4 Ne6 16. Bb6 Qd7 17. Ne2 c5 18. c3 cxd4 19. cxd4 Rac8 20. h3 Bxf3 21. Rxf3 Ng5 22. Re3 f5 23. e5 f4 24. Rc3 f3 25. Qb3+ Kh8 26. gxf3 Rxc3 27. Qxc3 Nxf3+ 28. Kg2 Qb7 29. Kg3 Ng5 0-1

[Event "IECG TE.2006.P.02112 email"]
[Site "IECG email"]
[Date "2006.03.17"]
[Round "?"]
[White "Pott, Brian"]
[Black "Tessieri, Franco"]
[Result "1-0"]
[WhiteElo "1868"]
[BlackElo "1597"]
[PlyCount "55"]
[EventDate "2006.03.17"]
[EventType "tourn (corr)"]
[EventRounds "12"]
[SourceTitle "Corr 2024"]
[Source "ChessBase"]
[SourceDate "2023.10.19"]
[SourceVersion "1"]
[SourceVersionDate "2023.10.19"]
[SourceQuality "1"]

1. e4 c5 2. f4 e6 3. Nc3 Nc6 4. Nf3 Be7 5. Bb5 Nh6 6. d3 0-0 7. 0-0 Nd4 8. Bc4 Rb8 9. a4 a6 10. f5 d5 11. Bxh6 dxc4 12. Bf4 Bd6 13. e5 Bc7 14. f6 Nxf3+ 15. Qxf3 g6 16. Qh3 h5 17. Qg3 Qd4+ 18. Kh1 Rd8 19. Qg5 Kf8 20. Qh6+ Ke8 21. Rad1 Bxe5 22. Bxe5 Qxe5 23. Qh8+ Kd7 24. dxc4+ Qd4 25. Qg7 Kc6 26. Rxd4 cxd4 27. Ne4 e5 28. Qxf7 1-0

[Event "IECG TE.2006.P.02112 email"]
[Site "IECG email"]
[Date "2006.03.17"]
[Round "?"]
[White "Tessieri, Franco"]
[Black "Barbaric, Tadija"]
[Result "0-1"]
[WhiteElo "1597"]
[BlackElo "2173"]
[PlyCount "92"]
[EventDate "2006.03.17"]
[EventType "tourn (corr)"]
[EventRounds "12"]
[SourceTitle "Corr 2024"]
[Source "ChessBase"]
[SourceDate "2023.10.19"]
[SourceVersion "1"]
[SourceVersionDate "2023.10.19"]
[SourceQuality "1"]

1. e4 c5 2. f4 d5 3. exd5 Nf6 4. Bb5+ Nbd7 5. c4 a6 6. Bxd7+ Bxd7 7. Nf3 e6 8. Nc3 exd5 9. cxd5 Be7 10. 0-0 0-0 11. Qb3 b5 12. d3 Bc8 13. Ne5 Bb7 14. Nc6 Bxc6 15. dxc6 Qxd3 16. Qd1 Qd4+ 17. Kh1 Qxd1 18. Rxd1 Rac8 19. Be3 Rxc6 20. Nd5 Nxd5 21. Rxd5 c4 22. Bd4 Rd6 23. Rxd6 Bxd6 24. g3 f5 25. a4 b4 26. Rc1 Rc8 27. Kg2 Kf7 28. Kf3 g6 29. h3 Ke6 30. Re1+ Kd5 31. Rd1 Kc6 32. Rc1 Re8 33. Be5 Bxe5 34. fxe5 Kc5 35. Kf4 c3 36. bxc3 b3 37. Re1 b2 38. Rb1 Rb8 39. e6 Kc4 40. Kg5 Kxc3 41. e7 Kc2 42. Rxb2+ Kxb2 43. Kf6 a5 44. h4 Re8 45. Kf7 Rxe7+ 46. Kxe7 Kb3 0-1

[Event "IECG TE.2004.S.01701"]
[Site "IECG email"]
[Date "2006.02.04"]
[Round "1"]
[White "Ottenweller, Wolfgang"]
[Black "Tessieri, Franco"]
[Result "1/2-1/2"]
[WhiteElo "1993"]
[BlackElo "1599"]
[PlyCount "98"]
[EventDate "2006.02.04"]
[EventType "tourn (corr)"]
[EventRounds "2"]
[SourceTitle "Corr 2024"]
[Source "ChessBase"]
[SourceDate "2023.10.19"]
[SourceVersion "1"]
[SourceVersionDate "2023.10.19"]
[SourceQuality "1"]

1. b4 c6 2. Bb2 Qb6 3. a3 a5 4. c4 axb4 5. c5 Qc7 6. axb4 Rxa1 7. Bxa1 d6 8. d4 Nf6 9. e3 Bf5 10. Nc3 Nbd7 11. Nf3 e5 12. dxe5 Nxe5 13. Nxe5 dxe5 14. Bd3 Bxd3 15. Qxd3 Be7 16. 0-0 0-0 17. Qf5 g6 18. Qf3 b6 19. Na4 bxc5 20. Nxc5 Nd5 21. Rd1 Rd8 22. Nd3 f6 23. Rc1 Qb6 24. Qe4 Kg7 25. g4 Nxb4 26. Rb1 c5 27. g5 Qd6 28. Nxe5 Qe6 29. gxf6+ Bxf6 30. f4 Bxe5 31. Bxe5+ Kf7 32. Qf3 Rd3 33. Ra1 Nd5 34. Ra7+ Ne7 35. Kf2 c4 36. Bd4 Rd2+ 37. Kg3 h6 38. Rc7 Rd3 39. Bc5 Rd7 40. Qb7 Rxc7 41. Qxc7 g5 42. Kf2 gxf4 43. exf4 Kf6 44. Qd8 Kf7 45. h4 c3 46. Qc7 c2 47. Bxe7 Qxe7 48. Qxc2 Qxh4+ 49. Kf3 Qh3+ 1/2-1/2

[Event "IECG TE.2005.P.02024"]
[Site "IECG email"]
[Date "2005.12.19"]
[Round "?"]
[White "Tessieri, Franco"]
[Black "Potter, Mitchel"]
[Result "1-0"]
[WhiteElo "1602"]
[BlackElo "1266"]
[PlyCount "21"]
[EventDate "2005.12.19"]
[EventType "tourn (corr)"]
[EventRounds "8"]
[SourceTitle "Corr 2024"]
[Source "ChessBase"]
[SourceDate "2023.10.19"]
[SourceVersion "1"]
[SourceVersionDate "2023.10.19"]
[SourceQuality "1"]

1. e4 e5 2. Nf3 Nc6 3. c3 Nf6 4. d3 Be7 5. Be2 d5 6. Nbd2 Bg4 7. 0-0 dxe4 8. dxe4 0-0 9. Qc2 Nh5 10. h3 Bxf3 11. Nxf3 1-0

[Event "IECC Swiss-470.4"]
[Site "IECC email"]
[Date "2005.10.18"]
[Round "?"]
[White "Oliveira, Ricardo"]
[Black "Tessieri, Franco"]
[Result "1/2-1/2"]
[WhiteElo "1738"]
[BlackElo "1717"]
[PlyCount "72"]
[EventDate "2005.??.??"]
[EventType "swiss (corr)"]
[EventRounds "1"]
[SourceTitle "Corr 2020"]
[Source "ChessBase"]
[SourceDate "2019.09.30"]
[SourceVersion "1"]
[SourceVersionDate "2019.09.30"]
[SourceQuality "1"]
[WhiteTeam "Brazil"]
[BlackTeam "Italy"]
[WhiteTeamCountry "BRA"]
[BlackTeamCountry "ITA"]

1. d4 Nf6 2. c4 g6 3. Nf3 c5 4. Nc3 Bg7 5. e4 cxd4 6. Nxd4 Nc6 7. Be3 0-0 8. Be2 d6 9. 0-0 Bd7 10. f4 Nxd4 11. Bxd4 Bc6 12. Bf3 Nd7 13. Bxg7 Kxg7 14. Qd4+ Kg8 15. Rae1 Re8 16. b3 Qa5 17. e5 dxe5 18. fxe5 Rad8 19. Bd5 Bxd5 20. Nxd5 e6 21. b4 Qa3 22. Qc3 Qxc3 23. Nxc3 b6 24. Ne4 Rf8 25. Re3 Kg7 26. Nc3 Nb8 27. a3 Nc6 28. Rc1 Rd2 29. Ne4 Rd7 30. Ng5 h6 31. Nf3 g5 32. c5 bxc5 33. Rxc5 Ne7 34. Re4 Rfd8 35. Kf2 Nd5 36. Rc6 Kg6 1/2-1/2

[Event "IECG TE.2005.P.01920"]
[Site "IECG email"]
[Date "2005.06.19"]
[Round "?"]
[White "Tessieri, Franco"]
[Black "Terry, Bob"]
[Result "1-0"]
[WhiteElo "1567"]
[BlackElo "1200"]
[PlyCount "51"]
[EventDate "2005.06.19"]
[EventType "tourn (corr)"]
[EventRounds "8"]
[SourceTitle "Corr 2008"]
[Source "ChessBase"]
[SourceDate "2008.06.24"]
[SourceVersion "1"]
[SourceVersionDate "2008.06.24"]
[SourceQuality "1"]

1. d4 d5 2. e4 dxe4 3. Nc3 Nf6 4. f3 exf3 5. Nxf3 e6 6. Bg5 h6 7. Bxf6 Qxf6 8. Bb5+ Bd7 9. 0-0 c6 10. Ne5 Qe7 11. Bc4 Bc8 12. Rxf7 Qg5 13. Rf3 Rg8 14. Bd3 Qe7 15. Bh7 Rh8 16. Ng6 Rxh7 17. Nxe7 Bxe7 18. Qd3 Rh8 19. Qg6+ Kd8 20. Qxg7 Re8 21. Ne4 Bd7 22. Rf7 h5 23. Raf1 b5 24. Rxe7 Rxe7 25. Qg5 Be8 26. Nc5 1-0

[Event "IECG TE.2005.P.01824 email"]
[Site "IECG email"]
[Date "2005.03.24"]
[Round "?"]
[White "Baznik Wilson, Anthony J"]
[Black "Tessieri, Franco"]
[Result "0-1"]
[WhiteElo "900"]
[BlackElo "1557"]
[PlyCount "46"]
[EventDate "2005.03.24"]
[EventType "tourn (corr)"]
[EventRounds "4"]
[SourceTitle "Corr 2008"]
[Source "ChessBase"]
[SourceDate "2008.06.24"]
[SourceVersion "1"]
[SourceVersionDate "2008.06.24"]
[SourceQuality "1"]

1. d4 Nf6 2. c4 c5 3. d5 b5 4. Nf3 Bb7 5. cxb5 Bxd5 6. Bg5 Bxf3 7. exf3 e6 8. Bc4 d5 9. Bxf6 Qxf6 10. Be2 Qxb2 11. Nd2 c4 12. 0-0 Bb4 13. a3 Bxd2 14. Qa4 Nd7 15. Rad1 Nc5 16. Rb1 Nxa4 17. Rxb2 Nxb2 18. Rb1 c3 19. Ra1 c2 20. g4 d4 21. h4 d3 22. Bf1 Bf4 23. a4 d2 0-1

[Event "IECG TE.2005.P.01824 email"]
[Site "IECG email"]
[Date "2005.03.24"]
[Round "?"]
[White "Korchut, Adam"]
[Black "Tessieri, Franco"]
[Result "1-0"]
[WhiteElo "2047"]
[BlackElo "1557"]
[PlyCount "109"]
[EventDate "2005.03.24"]
[EventType "tourn (corr)"]
[EventRounds "4"]
[SourceTitle "Corr 2024"]
[Source "ChessBase"]
[SourceDate "2023.10.19"]
[SourceVersion "1"]
[SourceVersionDate "2023.10.19"]
[SourceQuality "1"]

1. d4 Nf6 2. c4 c5 3. d5 b5 4. Nf3 e6 5. Bg5 h6 6. Bxf6 Qxf6 7. Nc3 b4 8. Nb5 Na6 9. e4 g5 10. e5 Qf4 11. Bd3 g4 12. Qd2 Qxd2+ 13. Nxd2 Kd8 14. 0-0 Nc7 15. Nxc7 Kxc7 16. d6+ Kd8 17. a3 bxa3 18. Rxa3 a6 19. Rb3 Bg7 20. Re1 Rg8 21. Bh7 Rh8 22. Bc2 Rg8 23. h4 a5 24. Rb5 a4 25. Rxc5 f6 26. Ne4 fxe5 27. Rc7 Rf8 28. Nc5 Rf4 29. Be4 Rxe4 30. Nxe4 Rb8 31. Ra1 Rb7 32. Rxb7 Bxb7 33. Nc5 Bc6 34. Nxa4 e4 35. Ra3 Be5 36. c5 Bd4 37. b4 Kc8 38. g3 Kb7 39. Nb6 e5 40. Na8 Bd5 41. Nc7 Bc4 42. Ne8 Be6 43. Nf6 Bf5 44. Ra5 Be6 45. Nxe4 Bb2 46. Rb5+ Kc8 47. c6 dxc6 48. Rb6 Bd7 49. Ra6 Bd4 50. Ra8+ Kb7 51. Rd8 Bf5 52. Nc5+ Bxc5 53. bxc5 Be6 54. h5 Bf5 55. Rh8 1-0

[Event "IECG TE.2005.P.01824 email"]
[Site "IECG email"]
[Date "2005.03.24"]
[Round "?"]
[White "Tessieri, Franco"]
[Black "Baznik Wilson, Anthony J"]
[Result "1-0"]
[WhiteElo "1557"]
[BlackElo "900"]
[PlyCount "57"]
[EventDate "2005.03.24"]
[EventType "tourn (corr)"]
[EventRounds "4"]
[SourceTitle "Corr 2008"]
[Source "ChessBase"]
[SourceDate "2008.06.24"]
[SourceVersion "1"]
[SourceVersionDate "2008.06.24"]
[SourceQuality "1"]

1. d4 Nf6 2. c4 c5 3. d5 b5 4. Nf3 g6 5. Qc2 Bg7 6. cxb5 d6 7. e4 Nbd7 8. Be2 0-0 9. Nc3 Nb6 10. 0-0 a6 11. Re1 Bg4 12. bxa6 Qc8 13. Bg5 Nfd7 14. Bxe7 Re8 15. Bxd6 Bxf3 16. gxf3 Ne5 17. Nb5 Qh3 18. Nc7 Nxf3+ 19. Bxf3 Qxf3 20. Nxe8 Rxe8 21. Qxc5 Nd7 22. Qc6 Qg4+ 23. Bg3 Kf8 24. a7 Nb6 25. Qd6+ Kg8 26. Qxb6 Be5 27. Qc6 Rc8 28. Rac1 Bxg3 29. Qxc8+ 1-0